| 000 | 00346nam a2200145Ia 4500 | ||
|---|---|---|---|
| 008 | 230312s9999||||xx |||||||||||||| ||und|| | ||
| 020 | _a0-619-05844-7 | ||
| 082 |
_a005.7565 _bPAS-M |
||
| 100 | _aPasewark;Pase | ||
| 245 | 0 | _aMicrosoft Office XP | |
| 260 |
_bThomson _aUSA _c2002 |
||
| 300 | _a1121 | ||
| 650 |
_aComputer _vComputer |
||
| 942 | _cBK | ||
| 999 |
_c15389 _d15389 |
||